000 00561nam a2200229Ia 4500
003 OSt
005 20221005123014.0
006 a|||||r|||| 00| 0
007 ta
008 221004b |||||||| |||| 00| 0 mal d
024 _a53063
037 _cTextual
040 _aCRL
_cCRL
_bmal
041 _2mal
_amal
082 _aNR4422, 32J9
100 _aNair Madhavan Au.
245 0 _aKerala Sangeetham
260 _c1959
650 _aMUSIC
_917402
942 _hNR4422, 32J9
_cTEXL
_2cc
999 _c1046093
_d1046093